Môi trường và phát triển bền vững
Trình bày hiện trạng những vấn đề môi trường, tài nguyên thiên nhiên, biến đổi khí hậu và tác động của chúng đối với môi trường, mối quan hệ giữa môi trường và phát triển. Nội dung của phát triển bền vững, kế hoạch quốc gia về ba...
Guardado en:
| Autor principal: | |
|---|---|
| Otros Autores: | , , |
| Formato: | Libro |
| Lenguaje: | Vietnamese |
| Publicado: |
H.
Giáo dục
2013
|
| Edición: | Tái bản lần thứ 2 |
| Etiquetas: |
Agregar Etiqueta
Sin Etiquetas, Sea el primero en etiquetar este registro!
|
| Thư viện lưu trữ: | Thư viện Trường Đại học Nam Cần Thơ |
|---|
| LEADER | 01896aam a22002658a 4500 | ||
|---|---|---|---|
| 001 | NCT_19206 | ||
| 008 | 130702s2013 ||||||viesd | ||
| 999 | |c 910 |d 910 | ||
| 020 | |c 67000 | ||
| 082 | 0 | 4 | |2 23rd ed. |a 363.7 |b T305 |
| 100 | 1 | |a Lê Văn Khoa |e Chủ biên | |
| 245 | 0 | 0 | |a Môi trường và phát triển bền vững |c Lê Văn Khoa (chủ biên), Đoàn Văn Tiến, Nguyễn Song Tùng, Nguyễn Quốc Việt |
| 250 | |a Tái bản lần thứ 2 | ||
| 260 | |a H. |b Giáo dục |c 2013 | ||
| 300 | |a 299tr. |b minh hoạ |c 27cm | ||
| 520 | 3 | |a Trình bày hiện trạng những vấn đề môi trường, tài nguyên thiên nhiên, biến đổi khí hậu và tác động của chúng đối với môi trường, mối quan hệ giữa môi trường và phát triển. Nội dung của phát triển bền vững, kế hoạch quốc gia về bảo vệ môi trường và phát triển bền vững ở Việt Nam | |
| 700 | 1 | |a Đoàn Văn Tiến | |
| 700 | 1 | |a Nguyễn Song Tùng | |
| 700 | 1 | |a Nguyễn Quốc Việt | |
| 942 | |2 ddc |c BK | ||
| 952 | |0 0 |1 0 |2 ddc |4 0 |6 363_700000000000000_T305 |7 0 |9 5514 |a 000001 |b 000001 |d 2017-12-05 |o 363.7 T305 |p MD.03718 |r 2017-12-05 |v 67000.00 |w 2017-12-05 |y BK | ||
| 952 | |0 0 |1 0 |2 ddc |4 0 |6 363_700000000000000_T305 |7 0 |9 5515 |a 000001 |b 000001 |d 2017-12-05 |l 4 |o 363.7 T305 |p MD.03719 |r 2020-10-01 |s 2020-09-24 |v 67000.00 |w 2017-12-05 |y BK | ||
| 952 | |0 0 |1 0 |2 ddc |4 0 |6 363_700000000000000_T305 |7 0 |9 5516 |a 000001 |b 000001 |d 2017-12-05 |l 3 |o 363.7 T305 |p MD.03720 |r 2021-01-26 |s 2021-01-20 |v 67000.00 |w 2017-12-05 |y BK | ||
| 952 | |0 0 |1 0 |2 ddc |4 0 |6 363_700000000000000_T305 |7 0 |9 5517 |a 000001 |b 000001 |d 2017-12-05 |l 3 |o 363.7 T305 |p MD.09090 |r 2020-08-07 |s 2020-07-27 |v 67000.00 |w 2017-12-05 |y BK | ||
| 980 | |a Thư viện Trường Đại học Nam Cần Thơ | ||